Специфика подготовки кадров для туриндустрии (на примере ТПУ); Современные тенденции развития социально-коммуникативной сферы: технологии, направления, перспективы
| Parent link: | Современные тенденции развития социально-коммуникативной сферы: технологии, направления, перспективы.— 2005.— С. 136-139. |
|---|---|
| Hlavní autor: | |
| Jazyk: | ruština |
| Vydáno: |
2005
|
| Témata: | |
| Médium: | MixedMaterials Kapitola |
| KOHA link: | https://koha.lib.tpu.ru/cgi-bin/koha/opac-detail.pl?biblionumber=98882 |
MARC
| LEADER | 00000naa2a2200000 4500 | ||
|---|---|---|---|
| 001 | 98882 | ||
| 005 | 20231031111443.0 | ||
| 035 | |a (RuTPU)RU\TPU\book\106026 | ||
| 090 | |a 98882 | ||
| 100 | |a 20060623d2005 k y0rusy50 ca | ||
| 101 | 0 | |a rus | |
| 102 | |a RU | ||
| 200 | 1 | |a Специфика подготовки кадров для туриндустрии (на примере ТПУ) |f Е. А. Букал | |
| 320 | |a Библиогр.: 4 назв. | ||
| 463 | 0 | |0 (RuTPU)RU\TPU\book\68842 |t Современные тенденции развития социально-коммуникативной сферы: технологии, направления, перспективы |o Труды II межрегиональной научно-практической конференции студентов, аспирантов и ученых. Томск, 26-27 октября, 2005 |f Томский политехнический университет; Современные тенденции развития социально-коммуникативной сферы: технологии, направления, перспективы, Межрегиональная научно-практическая конференция студентов, аспирантов и ученых |v С. 136-139. |d 2005 |p 254 с. | |
| 610 | 1 | |a подготовка кадров | |
| 610 | 1 | |a туризм | |
| 610 | 1 | |a туриндустрия | |
| 610 | 1 | |a специальности | |
| 610 | 1 | |a вузы | |
| 610 | 1 | |a ТПУ | |
| 610 | 1 | |a труды учёных ТПУ | |
| 700 | 1 | |a Букал |b Е. А. | |
| 801 | 1 | |a RU |b 63413507 |c 20060623 |g PSBO | |
| 942 | |c BK | ||